Sławni ludzie #2 Ukraina - Statystyki

Ogólne statystyki
  • Ten quiz został rozwiązany 61 razy
  • Średni wynik to 6 z 12
Statystyki odpowiedzi
zawód człowiek % Poprawnych
komik, prezydent Ukrainy Wołodymyr Zełeński
100%
poeta narodowy, folklorysta, malarz Taras Szewczenko
81%
piłkarz, występował m.in w Ac Milan Andrij Szewczenko
79%
jeden z przywódców Organizacji Ukra-ińskich Nacjonalistów Stepan Bandera
75%
przywódca antypolskiego powstaniaw XVII wieku Bohdan Chmielnicki
56%
była premier Ukrainy Julia Tymoszenko
54%
bokser oraz od 2014 roku mer Kijowa Witalij Kłyczko
46%
poetka, pisarka, krytyczka literacka Łesia Ukrainka
37%
poeta, pisarz, slawista, tłumacz, działaczpolityczny i społeczny Iwan Franko
19%
wielki książę Rusi Kijowskiej, pochodziłz dynastii Rurykowiczów Jarosław Mądry
12%
lekarz Mykoła Amosow
2%
publicysta, polityk, bohater Ukrainy Wjaczesław Czornowił
2%
Nie znaleziono quizów pasujących do podanych kryteriów
Rozkład punktacji
Procent ludzi z każdym wynikiem
Percentyl według liczby udzielonych odpowiedzi
Twoja historia wyników
Nie rozwiązałeś tego quizu